Practical English handbook

Αποθηκεύτηκε σε:
Λεπτομέρειες βιβλιογραφικής εγγραφής
Κύριος συγγραφέας: William B Dillingham
Μορφή: Βιβλίο
Γλώσσα:Undetermined
Έκδοση: Boston, Massachusetts Houghton Mifflin 1982
Θέματα:
Ετικέτες: Προσθήκη ετικέτας
Δεν υπάρχουν, Καταχωρήστε ετικέτα πρώτοι!
Thư viện lưu trữ: Trung tâm Học liệu Trường Đại học Cần Thơ
LEADER 00583nam a2200181Ia 4500
001 CTU_34060
008 210402s9999 xx 000 0 und d
082 |a 428 
082 |b W335/1982 
100 |a William B Dillingham 
245 0 |a Practical English handbook 
245 0 |c William B Dillingham, Floyd C Watkins 
260 |a Boston, Massachusetts 
260 |b Houghton Mifflin 
260 |c 1982 
650 |a english language - problems, exercises, etc,english language - study and teaching 
904 |i Minh, 991123 
980 |a Trung tâm Học liệu Trường Đại học Cần Thơ